[Event "36th Reykjavik op"]
[Site "Reykjavik ISL"]
[Date "2023.03.30"]
[Round "3.58"]
[White "Laddha, Yash Jayesh"]
[Black "Nilsen, Tobias Lang"]
[WhiteElo "2067"]
[BlackElo "2265"]
[Result "1/2-1/2"]
[EventDate "2023.03.29"]
[PlyCount "72"]

1. e4 e6 2. d4 d5 3. Bd3 c5 4. exd5 exd5 5. Nf3 Nf6 6. O-O c4 7. Be2 Be7 8. b3 cxb3
9. axb3 O-O 10. c4 Nc6 11. Nc3 h6 12. Be3 Bf5 13. c5 Ne4 14. Qc1 Bf6 15. Rd1 b6 16.
Nxe4 dxe4 17. Ne5 Nb4 18. Bg4 Qc8 19. Bxf5 Qxf5 20. Qc4 bxc5 21. Qxc5 Bxe5 22. Qxb4
Bf6 23. Ra5 Qg4 24. Rda1 Rfb8 25. Rb5 Rxb5 26. Qxb5 Rd8 27. h3 Qd7 28. Qxd7 Rxd7
29. Ra4 Rb7 30. d5 Rxb3 31. Rxa7 Rd3 32. Ra8+ Kh7 33. Re8 Rxd5 34. Rxe4 Rb5 35. g4
h5 36. Kg2 Ra5  1/2-1/2

[Event "36th Reykjavik op"]
[Site "Reykjavik ISL"]
[Date "2023.03.30"]
[Round "3.59"]
[White "Sahithi, Varshini M"]
[Black "Brunier, Jules"]
[WhiteElo "2262"]
[BlackElo "2015"]
[Result "1-0"]
[EventDate "2023.03.29"]
[PlyCount "67"]

1. e4 e6 2. d4 d5 3. Nd2 Nf6 4. e5 Nfd7 5. Bd3 c5 6. c3 Nc6 7. Ne2 cxd4 8. cxd4 f6
9. exf6 Nxf6 10. Nf3 Bd6 11. O-O O-O 12. Bf4 Qe7 13. Bxd6 Qxd6 14. Bb5 Ng4 15. Ng3
Bd7 16. Re1 Rf4 17. h3 Nh6 18. Rc1 Raf8 19. Rc3 Nf5 20. Ne2 Ncxd4 21. Nexd4 Nxd4
22. Nxd4 Bxb5 23. Nxe6 Rxf2 24. Nxf8 Rxf8 25. Qd4 Bc6 26. Rf1 Rxf1+ 27. Kxf1 Qh2
28. Kf2 Qh1 29. Rg3 g6 30. Qxa7 Qd1 31. Qb8+ Kg7 32. Qe5+ Kg8 33. Rf3 d4 34. Qb8+
 1-0

[Event "36th Reykjavik op"]
[Site "Reykjavik ISL"]
[Date "2023.03.30"]
[Round "3.60"]
[White "Hari, Charan Sai Kalluri"]
[Black "Dauth, Benjamin"]
[WhiteElo "2066"]
[BlackElo "2261"]
[Result "1-0"]
[EventDate "2023.03.29"]
[PlyCount "45"]

1. d4 Nf6 2. Nf3 g6 3. c4 Bg7 4. Nc3 O-O 5. e4 d6 6. Be2 e5 7. O-O exd4 8. Nxd4 Nc6
9. Be3 Re8 10. f3 Nh5 11. Nd5 f5 12. Nb5 fxe4 13. f4 Re7 14. Nxe7+ Qxe7 15. Bxh5
gxh5 16. Qd5+ Be6 17. Qxe4 Qf7 18. Nxc7 Bf5 19. Qd5 Rc8 20. Qxf7+ Kxf7 21. Nb5 Rd8
22. Rad1 Bg4 23. Rd2  1-0

[Event "36th Reykjavik op"]
[Site "Reykjavik ISL"]
[Date "2023.03.30"]
[Round "3.61"]
[White "Lindh, Fredrik"]
[Black "Koh, Ming Yao Gavin"]
[WhiteElo "2259"]
[BlackElo "2012"]
[Result "1/2-1/2"]
[EventDate "2023.03.29"]
[PlyCount "83"]

1. e4 c5 2. Nf3 d6 3. d4 cxd4 4. Nxd4 Nf6 5. Nc3 a6 6. Be3 e5 7. Nb3 Be7 8. f3 Be6
9. Qd2 h5 10. Nd5 Nxd5 11. exd5 Bf5 12. Be2 a5 13. a4 Nd7 14. O-O O-O 15. c4 b6 16.
f4 exf4 17. Bxf4 Bg6 18. Nd4 Nc5 19. Rae1 Qd7 20. Nc6 Bf6 21. Qd1 Rfe8 22. Bxh5 Rxe1
23. Rxe1 Bxh5 24. Qxh5 Nd3 25. Re4 Re8 26. Qe2 Rxe4 27. Qxe4 Nxb2 28. Qc2 Qg4 29.
Bxd6 Qxc4 30. Qxc4 Nxc4 31. Bc7 Kf8 32. d6 Ke8 33. Nb8 Bd4+ 34. Kf1 Ne5 35. Ke2 Bc5
36. g4 g5 37. h3 Bd4 38. Kd2 f6 39. Kc2 Bg1 40. Kc3 Bf2 41. Kb3 Bg1 42. Ka3  1/2-1/2

[Event "36th Reykjavik op"]
[Site "Reykjavik ISL"]
[Date "2023.03.30"]
[Round "3.62"]
[White "Markzon, Gregory"]
[Black "Cederstam, Carl"]
[WhiteElo "2059"]
[BlackElo "2255"]
[Result "1-0"]
[EventDate "2023.03.29"]
[PlyCount "113"]

1. d4 d5 2. c4 e6 3. g3 dxc4 4. Bg2 c5 5. Nf3 Nc6 6. O-O cxd4 7. Qa4 Bd7 8. Qxc4
e5 9. Na3 f6 10. e3 Rc8 11. Qb3 Qb6 12. Qxb6 axb6 13. exd4 exd4 14. Re1+ Kf7 15.
Bf1 Bc5 16. Nb5 g5 17. a3 Ra8 18. Bd2 Bg4 19. Be2 Nh6 20. b4 d3 21. Bd1 Be7 22. Bb3+
Kg6 23. Nfd4 Nf5 24. Ne6 Ng7 25. Nxg7 Kxg7 26. Bd5 Kf8 27. f3 Bf5 28. g4 Bd7 29.
Kg2 Ne5 30. Nd4 Rd8 31. Ne6+ Bxe6 32. Bxe6 Kg7 33. f4 Ng6 34. fxg5 fxg5 35. Rac1
Nh4+ 36. Kh1 Bf6 37. Rc7+ Kh6 38. Rf1 Rhf8 39. Bf7 Be5 40. Rxb7 Rd6 41. Re7 Ng6 42.
Re8 Rxe8 43. Bxe8 Nh4 44. b5 Rd4 45. Bb4 d2 46. Rd1 Re4 47. Bc6 Rxg4 48. Rxd2 Ng6
49. Bd7 Rc4 50. Rd1 Rc2 51. Rd2 Rc1+ 52. Kg2 Nh4+ 53. Kh3 Kg6 54. Be8+ Kg7 55. Rd7+
Kg8 56. Bf7+ Kh8 57. Kg4  1-0

[Event "36th Reykjavik op"]
[Site "Reykjavik ISL"]
[Date "2023.03.30"]
[Round "3.63"]
[White "Kakulidis, Ellen"]
[Black "Melaa, Sondre"]
[WhiteElo "2046"]
[BlackElo "2243"]
[Result "1/2-1/2"]
[EventDate "2023.03.29"]
[PlyCount "85"]

1. d4 Nf6 2. g3 g6 3. Bg2 d5 4. Nf3 Bg7 5. O-O O-O 6. c4 c6 7. cxd5 cxd5 8. Nc3 Bf5
9. Ne5 Ne4 10. Qb3 Nc6 11. Qxd5 Nxc3 12. bxc3 Qxd5 13. Bxd5 Nxe5 14. dxe5 Bxe5 15.
Ba3 Rfd8 16. Bxb7 Rab8 17. Bf3 Bxc3 18. Rad1 Be6 19. Bc5 a5 20. a3 Kf8 21. Rxd8+
Rxd8 22. Rc1 Bb2 23. Rb1 Rc8 24. Bb6 Bc3 25. Rc1 Rb8 26. Rxc3 Rxb6 27. Bc6 Rb3 28.
Rxb3 Bxb3 29. Kf1 e5 30. Ke1 Ke7 31. Kd2 Kd6 32. Be8 g5 33. Kc3 Bd5 34. Ba4 f5 35.
Bc2 Be6 36. h4 h6 37. hxg5 hxg5 38. Ba4 Kc5 39. Bc2 Bd7 40. e3 f4 41. exf4 exf4 42.
gxf4 gxf4 43. Bd1  1/2-1/2

[Event "36th Reykjavik op"]
[Site "Reykjavik ISL"]
[Date "2023.03.30"]
[Round "3.64"]
[White "Baasansuren, Erdene"]
[Black "Alashtar, Aasef"]
[WhiteElo "2232"]
[BlackElo "2007"]
[Result "1-0"]
[EventDate "2023.03.29"]
[PlyCount "55"]

1. d4 d5 2. c4 e6 3. Nf3 c6 4. Nbd2 f5 5. g3 Nf6 6. Bg2 Nbd7 7. O-O Bd6 8. Qc2 Ne4
9. Ne1 Qf6 10. e3 h5 11. Nxe4 dxe4 12. f3 exf3 13. Nxf3 Be7 14. e4 Qg6 15. exf5 exf5
16. Re1 Kd8 17. Bf4 h4 18. Rxe7 Kxe7 19. Nxh4 Rxh4 20. gxh4 Nf8 21. d5 Bd7 22. Qb3
b6 23. c5 cxd5 24. Qxd5 Rc8 25. Re1+ Ne6 26. Qd6+ Ke8 27. h5 Qf6 28. c6  1-0

[Event "36th Reykjavik op"]
[Site "Reykjavik ISL"]
[Date "2023.03.30"]
[Round "3.65"]
[White "Ptacnikova, Lenka"]
[Black "Large, Peter G"]
[WhiteElo "2040"]
[BlackElo "2227"]
[Result "1-0"]
[EventDate "2023.03.29"]
[PlyCount "89"]

1. d4 Nf6 2. Bf4 e6 3. e3 b6 4. Nd2 Bb7 5. h3 Be7 6. Ngf3 O-O 7. Bd3 c5 8. c3 cxd4
9. exd4 d6 10. O-O Nbd7 11. Qe2 a6 12. Rfe1 Re8 13. Ne4 Nxe4 14. Bxe4 Bxe4 15. Qxe4
d5 16. Qd3 b5 17. Ne5 Nxe5 18. Bxe5 Bf8 19. Re3 Ra7 20. a3 Rb7 21. Rg3 f6 22. Bf4
a5 23. Re3 Qd7 24. Qe2 Rb6 25. Re1 Qc6 26. g4 b4 27. axb4 axb4 28. g5 f5 29. Ra1
bxc3 30. bxc3 Qc8 31. Ra7 Re7 32. Ra5 Reb7 33. Qa2 Rb1+ 34. Kg2 R7b3 35. Ra8 Qc4
36. Qa6 Rb6 37. Qxc4 dxc4 38. Rc8 Rd1 39. Rxc4 Be7 40. Rc7 Kf8 41. h4 h6 42. gxh6
gxh6 43. Bxh6+ Ke8 44. Rg3 Kd8 45. Ra7  1-0

[Event "36th Reykjavik op"]
[Site "Reykjavik ISL"]
[Date "2023.03.30"]
[Round "3.66"]
[White "Dieu, Bruno"]
[Black "Mehlhorn, David"]
[WhiteElo "2219"]
[BlackElo "2004"]
[Result "1-0"]
[EventDate "2023.03.29"]
[PlyCount "53"]

1. d4 d5 2. c4 e6 3. Nc3 Nf6 4. Bg5 Be7 5. e3 O-O 6. Rc1 a6 7. cxd5 Nxd5 8. Bxe7
Qxe7 9. Nf3 b6 10. Nxd5 exd5 11. Qc2 Ra7 12. Bd3 h6 13. O-O Bd7 14. Qb3 Qd6 15. Rc3
c5 16. dxc5 bxc5 17. Qa3 Rc8 18. Rfc1 Rac7 19. h3 Qf8 20. e4 d4 21. Nxd4 Qd8 22.
Rxc5 Bb5 23. Nxb5 Rxc5 24. Rxc5 Rxc5 25. Qxc5 Qxd3 26. Nc3 Qc2 27. Qc8+  1-0

[Event "36th Reykjavik op"]
[Site "Reykjavik ISL"]
[Date "2023.03.30"]
[Round "3.67"]
[White "Kienitz, Andre"]
[Black "Andrews, Todd"]
[WhiteElo "2039"]
[BlackElo "2217"]
[Result "1-0"]
[EventDate "2023.03.29"]
[PlyCount "89"]

1. e4 e6 2. d4 d5 3. Nc3 Bb4 4. Nge2 dxe4 5. a3 Bxc3+ 6. Nxc3 Nc6 7. Bf4 Nge7 8.
Qd2 e5 9. dxe5 Qxd2+ 10. Bxd2 Bf5 11. O-O-O O-O-O 12. Re1 Rd4 13. Ne2 Rd5 14. c4
Rxe5 15. Bc3 Re6 16. Nf4 Rd6 17. c5 Rd7 18. Bc4 Ng6 19. Nxg6 Bxg6 20. Bxg7 Re8 21.
Rd1 Ne5 22. Bxe5 Rxe5 23. b4 f5 24. Rxd7 Kxd7 25. Kd2 f4 26. Re1 Rh5 27. h3 Rg5 28.
Bf1 b6 29. cxb6 axb6 30. Kc3 c5 31. Rd1+ Ke7 32. Kc4 Be8 33. bxc5 Rxc5+ 34. Kd4 Bc6
35. Bc4 Ra5 36. Rb1 b5 37. Bd5 Ra4+ 38. Ke5 Be8 39. Rb3 Bg6 40. Kxf4 Kd6 41. Rxb5
Rd4 42. Bb7 Rd2 43. Bxe4 Rxf2+ 44. Bf3 Ra2 45. Ra5  1-0

[Event "36th Reykjavik op"]
[Site "Reykjavik ISL"]
[Date "2023.03.30"]
[Round "3.68"]
[White "Rebers, Eugene"]
[Black "Langlois-Remillard, Alexis"]
[WhiteElo "2213"]
[BlackElo "2001"]
[Result "1-0"]
[EventDate "2023.03.29"]
[PlyCount "65"]

1. d4 g6 2. Nf3 Bg7 3. g3 d6 4. Bg2 Nc6 5. d5 Ne5 6. Nxe5 Bxe5 7. c4 Bd7 8. Qb3 Rb8
9. Nc3 c6 10. Bf4 Bxf4 11. gxf4 e6 12. Qa3 cxd5 13. cxd5 Qb6 14. Ne4 Ke7 15. Rd1
Nf6 16. Nxf6 Kxf6 17. dxe6 Kxe6 18. O-O Rhd8 19. Qh3+ Ke7 20. Qh4+ Kf8 21. Qf6 Be6
22. Bd5 Bxd5 23. Rxd5 Rbc8 24. Rfd1 Rc6 25. R1d3 Kg8 26. f5 Re8 27. fxg6 fxg6 28.
Rg3 Rc1+ 29. Kg2 Qc6 30. e4 Qc4 31. Rxg6+ hxg6 32. Qxg6+ Kf8 33. Qf6+  1-0

[Event "36th Reykjavik op"]
[Site "Reykjavik ISL"]
[Date "2023.03.30"]
[Round "3.69"]
[White "Diaz, Franck"]
[Black "Townsend, M. Paul"]
[WhiteElo "2035"]
[BlackElo "2209"]
[Result "1/2-1/2"]
[EventDate "2023.03.29"]
[PlyCount "35"]

1. e4 e6 2. d4 d5 3. Nc3 Bb4 4. e5 Ne7 5. a3 Bxc3+ 6. bxc3 c5 7. Qg4 Kf8 8. h4 Qa5
9. Bd2 Qa4 10. Rh3 Nbc6 11. h5 h6 12. Qf4 Bd7 13. Rf3 Be8 14. g4 cxd4 15. Rb1 Rb8
16. Bb5 Qxc2 17. Bd3 Qa4 18. Bb5  1/2-1/2

[Event "36th Reykjavik op"]
[Site "Reykjavik ISL"]
[Date "2023.03.30"]
[Round "3.70"]
[White "Bartelt, Max Peter"]
[Black "Ricken, Katharina"]
[WhiteElo "2031"]
[BlackElo "2205"]
[Result "1-0"]
[EventDate "2023.03.29"]
[PlyCount "83"]

1. d4 e6 2. e4 d5 3. Nc3 Nc6 4. e5 a6 5. Nf3 f6 6. Ne2 fxe5 7. dxe5 Qe7 8. c3 Bd7
9. g3 g6 10. Bh3 Bg7 11. Bf4 Nh6 12. O-O Nf7 13. Ned4 Ncd8 14. b4 g5 15. Bc1 h5 16.
g4 h4 17. Qc2 Rh6 18. Re1 Nc6 19. Nxc6 Bxc6 20. a4 Bd7 21. Bf1 Kf8 22. Qd2 Rh8 23.
h3 Bh6 24. Bd3 Rg8 25. Qc2 Rg7 26. Be3 Kg8 27. Qd2 Nh8 28. Nxh4 Be8 29. Ng2 Ng6 30.
Bc5 Qf7 31. h4 Nf4 32. Nxf4 gxf4 33. f3 b6 34. Bf2 Kh8 35. Kf1 Rg8 36. g5 Bg7 37.
g6 Qf8 38. h5 Bh6 39. Bh4 Bd7 40. Bf6+ Bg7 41. Qxf4 c5 42. Qh6#  1-0

[Event "36th Reykjavik op"]
[Site "Reykjavik ISL"]
[Date "2023.03.30"]
[Round "3.71"]
[White "Melzner, Lukas"]
[Black "George Samir, David"]
[WhiteElo "2199"]
[BlackElo "1993"]
[Result "1-0"]
[EventDate "2023.03.29"]
[PlyCount "109"]

1. c4 c5 2. g3 Nc6 3. Bg2 g6 4. Nc3 Bg7 5. Nf3 e6 6. d3 Nge7 7. Bg5 h6 8. Bd2 b6
9. Rb1 Bb7 10. O-O O-O 11. a3 d5 12. b4 cxb4 13. axb4 dxc4 14. dxc4 Rc8 15. Qc1 Kh7
16. Rd1 Qc7 17. Nb5 Qb8 18. Nd6 Rcd8 19. Nxb7 Rd7 20. b5 Ne5 21. Nxe5 Bxe5 22. Bf4
Bxf4 23. Qxf4 Rxb7 24. Bxb7 Qxb7 25. Rd3 Nf5 26. e4 g5 27. Qe5 Ne7 28. Qd4 Ng6 29.
Ra1 Qc7 30. Kg2 Ne5 31. Qd6 Qxc4 32. Rd4 Qc3 33. Ra3 Qc1 34. Rxa7 Qc5 35. Rc7 Qxd6
36. Rxd6 g4 37. Rxe6 Nf3 38. Rxb6 Kg7 39. Rbc6 Nd4 40. Rb6 Re8 41. Rbb7 Rxe4 42.
Rxf7+ Kg6 43. Rg7+ Kh5 44. Rbe7 Ne6 45. Rxe6 Rxe6 46. h3 gxh3+ 47. Kxh3 Re4 48. f4
Re3 49. Rb7 Rb3 50. Rb8 Kg6 51. b6 Kg7 52. b7 Rb5 53. f5 h5 54. f6+ Kf7 55. Rh8  1-0

[Event "36th Reykjavik op"]
[Site "Reykjavik ISL"]
[Date "2023.03.30"]
[Round "3.72"]
[White "Petursson, Gudni"]
[Black "Sharma, Isha"]
[WhiteElo "2020"]
[BlackElo "2197"]
[Result "0-1"]
[EventDate "2023.03.29"]
[PlyCount "124"]

1. d4 Nf6 2. Nf3 d6 3. Nc3 Bf5 4. Nh4 Bd7 5. e4 e5 6. Nf3 Nc6 7. Be2 h6 8. O-O g5
9. dxe5 dxe5 10. Bb5 Bd6 11. Be3 a6 12. Be2 Ne7 13. Nd2 Ng6 14. Nc4 Bb4 15. f3 Qe7
16. Nd5 Nxd5 17. exd5 O-O 18. a3 Bc5 19. b4 Bd4 20. Bxd4 exd4 21. d6 Qe6 22. Re1
b5 23. Bd3 Qd5 24. Bxg6 fxg6 25. Ne5 Qxd6 26. Nxd7 Qxd7 27. Qd3 Rf6 28. Re4 Rd8 29.
Rae1 Qd5 30. Re5 Qc4 31. Rc5 Qxd3 32. cxd3 c6 33. Rec1 Rdd6 34. Re5 Rfe6 35. Re4
Kf7 36. Kf2 Ke7 37. Rc5 Kd7 38. Rc1 Rxe4 39. fxe4 Rf6+ 40. Ke2 Rf8 41. g3 a5 42.
h4 axb4 43. axb4 gxh4 44. gxh4 Rf4 45. Rg1 Rxh4 46. Rxg6 Rh2+ 47. Kf3 Rd2 48. Kf4
Rxd3 49. Ke5 Kc7 50. Rxh6 Rd1 51. Rh7+ Kb6 52. Rd7 d3 53. Ke6 d2 54. e5 c5 55. Rd6+
Kc7 56. bxc5 b4 57. Rd3 b3 58. Rxb3 Re1 59. Rd3 d1=Q 60. Rxd1 Rxd1 61. Ke7 Rd5 62.
e6 Rxc5  0-1

[Event "36th Reykjavik op"]
[Site "Reykjavik ISL"]
[Date "2023.03.30"]
[Round "3.73"]
[White "Schaefer, Bernd"]
[Black "Bergsson, Stefan"]
[WhiteElo "2018"]
[BlackElo "2192"]
[Result "1/2-1/2"]
[EventDate "2023.03.29"]
[PlyCount "90"]

1. Nf3 g6 2. d4 Bg7 3. Bf4 b6 4. Nc3 Bb7 5. Qd2 d6 6. e4 Nd7 7. h4 h6 8. Bd3 c5 9.
dxc5 Nxc5 10. Bb5+ Kf8 11. Bd3 Rc8 12. O-O Nf6 13. Rfe1 Ng4 14. Rad1 g5 15. hxg5
Bxc3 16. Qxc3 e5 17. Nxe5 Nxe5 18. Bxe5 dxe5 19. Qxe5 Rg8 20. gxh6 Qe7 21. Qf4 Ne6
22. Qh2 Qc7 23. g3 Qe5 24. h7 Rh8 25. f4 Qg7 26. e5 Nxf4 27. Bf5 Re8 28. g4 Qg5 29.
Rd6 Ng2 30. Re2 Nh4 31. Qf2 Nf3+ 32. Kf1 Qc1+ 33. Kg2 Nd2+ 34. Kg3 Nf3 35. e6 Qg5
36. Rd7 Qh4+ 37. Kf4 Qg5+ 38. Kg3 Qh4+ 39. Kf4 Rxh7 40. Bxh7 Qg5+ 41. Kg3 Qh4+ 42.
Kf4 Qh6+ 43. Kg3 Qh4+ 44. Kf4 Qf6+ 45. Kg3 Qh4+  1/2-1/2

[Event "36th Reykjavik op"]
[Site "Reykjavik ISL"]
[Date "2023.03.30"]
[Round "3.74"]
[White "Terhuven, Patrick"]
[Black "Johannsdottir, Johanna Bjoerg"]
[WhiteElo "2180"]
[BlackElo "1974"]
[Result "0-1"]
[EventDate "2023.03.29"]
[PlyCount "62"]

1. Nf3 g6 2. g3 Bg7 3. Bg2 e5 4. d3 d5 5. O-O Nc6 6. c4 Nge7 7. cxd5 Nxd5 8. Nc3
Nce7 9. Qb3 c6 10. Rd1 O-O 11. e4 Nc7 12. Be3 Ne6 13. Na4 b6 14. Rac1 c5 15. a3 Nc6
16. Qa2 Ned4 17. Nxd4 Nxd4 18. Bxd4 cxd4 19. b4 Be6 20. Qb2 Bh6 21. Rc2 Qd7 22. b5
Rfc8 23. Rb1 Rxc2 24. Qxc2 Rc8 25. Qb2 Qc7 26. Bf1 Bc1 27. Qa1 Qc2 28. Nb2 Rc3 29.
h4 Qd2 30. Be2 Rc2 31. Nd1 Ra2  0-1

[Event "36th Reykjavik op"]
[Site "Reykjavik ISL"]
[Date "2023.03.30"]
[Round "3.75"]
[White "Mensing, Adrian"]
[Black "Mohota, Nisha"]
[WhiteElo "2005"]
[BlackElo "2177"]
[Result "0-1"]
[EventDate "2023.03.29"]
[PlyCount "116"]

1. d4 Nf6 2. c4 e6 3. g3 d5 4. Bg2 Be7 5. Nf3 O-O 6. O-O dxc4 7. Qc2 c6 8. Qxc4 b5
9. Qb3 Bb7 10. Be3 Nbd7 11. Nbd2 Nd5 12. Ne4 Nxe3 13. Qxe3 Qb6 14. Rfc1 a5 15. Nc5
Nxc5 16. dxc5 Qc7 17. Qf4 Rac8 18. e4 Qxf4 19. gxf4 Rcd8 20. a4 b4 21. Ne5 Ba8 22.
Rd1 Rxd1+ 23. Rxd1 f6 24. Nd7 Rd8 25. Bh3 Kf7 26. f5 e5 27. Bg4 Bb7 28. Bh5+ g6 29.
fxg6+ hxg6 30. Be2 Kg7 31. Kg2 Bc8 32. Nb6 Rxd1 33. Bxd1 Be6 34. Be2 Bb3 35. Bc4
Bc2 36. Kf3 Bxc5 37. Na8 Bd1+ 38. Kg3 Bxa4 39. Nc7 Bb6 40. Ne8+ Kh6 41. Nxf6 Bd4
42. b3 Bb5 43. Ng4+ Kg7 44. Be6 a4 45. bxa4 Bxa4 46. f4 b3 47. fxe5 b2 48. Ba2 Bc2
49. Kf4 b1=Q 50. Bxb1 Bxb1 51. Nf6 Kf7 52. h4 Ke6 53. Nh7 Bxe5+ 54. Ke3 c5 55. Nf8+
Kf7 56. Nd7 Bd4+ 57. Kf4 c4 58. e5 c3  0-1

[Event "36th Reykjavik op"]
[Site "Reykjavik ISL"]
[Date "2023.03.30"]
[Round "3.76"]
[White "Ruiz Buendia, Miguel"]
[Black "Thorsteinsson, Thorsteinn"]
[WhiteElo "2172"]
[BlackElo "1844"]
[Result "1-0"]
[EventDate "2023.03.29"]
[PlyCount "57"]

1. e4 c6 2. d4 d5 3. e5 Bf5 4. g4 Be4 5. f3 Bg6 6. e6 Qd6 7. exf7+ Kxf7 8. Nc3 Nf6
9. f4 Be4 10. Nf3 Bxf3 11. Qxf3 g6 12. f5 gxf5 13. gxf5 h5 14. Bf4 Qd7 15. Rg1 Qxf5
16. Bd3 Qe6+ 17. Be5 Ke8 18. Bf5 Rg8 19. Bxe6 Rxg1+ 20. Kf2 Rxa1 21. Bxf6 exf6 22.
Qxf6 Be7 23. Qh8+ Bf8 24. Qh7 Kd8 25. Qxb7 Rc1 26. Bf5 Rh1 27. Qxa8 Rxh2+ 28. Kg1
Bd6 29. Qb7  1-0

[Event "36th Reykjavik op"]
[Site "Reykjavik ISL"]
[Date "2023.03.30"]
[Round "3.77"]
[White "Hausken, Andreas Skrede"]
[Black "Johannsson, Birkir Isak"]
[WhiteElo "1987"]
[BlackElo "2171"]
[Result "0-1"]
[EventDate "2023.03.29"]
[PlyCount "56"]

1. e4 c5 2. c3 Nf6 3. e5 Nd5 4. Nf3 d6 5. exd6 e6 6. g3 Bxd6 7. Bg2 Nc6 8. d4 cxd4
9. Nxd4 Nxd4 10. Qxd4 O-O 11. O-O Qc7 12. c4 Nf6 13. Nc3 Bd7 14. Be3 Rfd8 15. Rfd1
Bc6 16. Qh4 Bxg2 17. Kxg2 Qc6+ 18. Kg1 Qf3 19. c5 Be5 20. Qc4 h5 21. Qe2 Qf5 22.
Rxd8+ Rxd8 23. c6 bxc6 24. Bxa7 Bxc3 25. bxc3 Ne4 26. Qe3 Rd2 27. Re1 Ng5 28. f4
Qd5  0-1

[Event "36th Reykjavik op"]
[Site "Reykjavik ISL"]
[Date "2023.03.30"]
[Round "3.78"]
[White "Pandey, Srishti"]
[Black "Fischer, Robert James"]
[WhiteElo "2156"]
[BlackElo "1775"]
[Result "1-0"]
[EventDate "2023.03.29"]
[PlyCount "113"]

1. d4 d5 2. c4 e6 3. Nf3 c5 4. cxd5 exd5 5. Bg5 Be7 6. Bxe7 Nxe7 7. dxc5 Qa5+ 8.
Nc3 Qxc5 9. e3 Bf5 10. Be2 Nbc6 11. O-O a6 12. Rc1 O-O 13. Na4 Qa5 14. a3 b5 15.
Nc5 Ra7 16. Nd4 Nxd4 17. Qxd4 Rfa8 18. Bf3 Be6 19. Nxe6 fxe6 20. Bg4 Qd8 21. Bxe6+
Kh8 22. Rfd1 Rc7 23. Rxc7 Qxc7 24. Bxd5 Rd8 25. e4 Nxd5 26. exd5 Rd6 27. g3 h6 28.
Re1 Qc4 29. Qxc4 bxc4 30. Re6 Rxd5 31. Rxa6 Rb5 32. Rc6 Rxb2 33. Rxc4 Ra2 34. a4
Kh7 35. h4 h5 36. Kg2 g6 37. Rf4 g5 38. hxg5 Kg6 39. Rf6+ Kxg5 40. Ra6 Kg4 41. Ra8
h4 42. gxh4 Kxh4 43. a5 Kg5 44. a6 Kg6 45. Kg3 Kg7 46. f4 Ra1 47. Kf3 Ra4 48. Kg3
Ra1 49. Kg4 Rg1+ 50. Kf5 Ra1 51. Ke6 Re1+ 52. Kd5 Rf1 53. Rb8 Ra1 54. Rb6 Ra4 55.
Kc6 Rxf4 56. a7 Rf6+ 57. Kb5  1-0

[Event "36th Reykjavik op"]
[Site "Reykjavik ISL"]
[Date "2023.03.30"]
[Round "3.80"]
[White "Haraldsson, Haraldur"]
[Black "Wecker, Martin"]
[WhiteElo "1882"]
[BlackElo "2144"]
[Result "1/2-1/2"]
[EventDate "2023.03.29"]
[PlyCount "141"]

1. e4 c5 2. Nf3 e6 3. d4 cxd4 4. Nxd4 Nc6 5. Nc3 Qc7 6. Be3 a6 7. Be2 Nf6 8. O-O
Be7 9. f4 d6 10. Kh1 O-O 11. Nxc6 bxc6 12. Qe1 Rb8 13. Rb1 c5 14. Qg3 Bb7 15. Bf3
Nd7 16. b3 Bf6 17. Bd2 g6 18. Nd1 Bg7 19. Ne3 Nf6 20. e5 Ne4 21. Bxe4 Bxe4 22. Ng4
Bxc2 23. Rbc1 Bf5 24. Nf6+ Bxf6 25. exf6 Kh8 26. Qg5 Rg8 27. Rc3 Qc6 28. Kg1 Qd5
29. Rf2 Be4 30. h4 Qxg5 31. hxg5 Bf5 32. Be3 Rgc8 33. Rd2 Rc6 34. Rd1 h5 35. Kf2
Kg8 36. g3 a5 37. Rc4 Rb4 38. Rdc1 Rcb6 39. Rxb4 axb4 40. Rd1 Ra6 41. Rd2 Bb1 42.
Ke1 Bxa2 43. Rd3 Bb1 44. Rd2 Be4 45. Kd1 Ra1+ 46. Ke2 Bd5 47. Rd3 c4 48. Rd4 Ra2+
49. Kd1 cxb3 50. Rxb4 Ra8 51. Bd4 Rc8 52. Rb6 e5 53. fxe5 dxe5 54. Bxe5 Be6 55. Rb8
Rxb8 56. Bxb8 Kf8 57. Be5 Ke8 58. Kd2 Kd7 59. Ke3 Kc6 60. Bb2 Kd5 61. Bc3 Bd7 62.
Bb2 Bf5 63. Bc3 Bc2 64. Ba1 Ke6 65. Kf4 Kd5 66. Ke3 Kc4 67. Bb2 Bf5 68. Ba1 Kb4 69.
Bb2 Bc2 70. Kd4 Bf5 71. Ke3  1/2-1/2

[Event "36th Reykjavik op"]
[Site "Reykjavik ISL"]
[Date "2023.03.30"]
[Round "3.81"]
[White "Patel, Zain"]
[Black "Ramoutar, Alan-Safar"]
[WhiteElo "1833"]
[BlackElo "2425"]
[Result "0-1"]
[EventDate "2023.03.29"]
[PlyCount "19"]

1. d4 d5 2. c4 e6 3. Nc3 c6 4. cxd5 exd5 5. Qc2 Nf6 6. Bg5 Be7 7. e3 Na6 8. g3 (8.
a3 Nc7 9. Bd3 h6 10. Bh4 O-O 11. Nge2 a5 12. O-O b5 13. f3 Ne6 14. Bf2 Bb7 15. Kh1
Rc8 16. e4 b4 17. axb4 axb4 18. Na4 c5 19. dxc5 dxe4 20. fxe4 Nd7 21. Rfd1 Ndxc5
22. Bxc5 (22. Nxc5 Bxc5 23. Bxc5 Nxc5 24. Ba6 Nxa6) 22... Bxc5 23. Nxc5 Ba6 24. Rxa6)
8... Nc7 9. Bd3 h6 10. h4 (10. Bh4 O-O 11. Nge2 a5 12. O-O b5 13. f3)  0-1

[Event "36th Reykjavik op"]
[Site "Reykjavik ISL"]
[Date "2023.03.30"]
[Round "3.82"]
[White "Braun, Vitali"]
[Black "Dishman, Matthew"]
[WhiteElo "2356"]
[BlackElo "1896"]
[Result "1-0"]
[EventDate "2023.03.29"]
[PlyCount "131"]

1. d4 d5 2. c4 e6 3. Nc3 c6 4. e3 f5 5. Nf3 Nf6 6. Ne5 Nbd7 7. f4 Bb4 8. Bd3 O-O
9. O-O Qc7 10. Bd2 a5 11. Rc1 Bxc3 12. bxc3 Ne4 13. Be1 Ndf6 14. Kh1 Bd7 15. Rg1
Be8 16. h3 Kh8 17. g4 g6 18. Rc2 Bf7 19. c5 Nd7 20. Rb2 Nxe5 21. fxe5 Qe7 22. c4
Qg5 23. Qe2 Qh6 24. Kg2 Ra7 25. Rf1 g5 26. cxd5 cxd5 27. Rb6 Be8 28. Rf3 f4 29. Qf1
Bc6 30. Rb2 a4 31. Kg1 Kg8 32. exf4 Rxf4 33. Rxf4 gxf4 34. h4 a3 35. Rg2 Ra4 36.
g5 Qf8 37. Bf2 Qf5 38. Kh2 f3 39. Rg3 Nxg3 40. Kxg3 Qf7 41. Qh3 Be8 42. h5 Qxh5 43.
Qxe6+ Qf7 44. Qd6 Bd7 45. Qb8+ Kg7 46. Qxb7 Qe6 47. Be3 Qg4+ 48. Kf2 Rxd4 49. e6
Qg2+ 50. Ke1 Qg3+ 51. Kd2 Qg2+ 52. Kc1 Qb2+ 53. Qxb2 axb2+ 54. Kxb2 Rb4+ 55. Kc3
Rb7 56. exd7 Rxd7 57. Bd4+ Kf8 58. c6 Rc7 59. Bb5 Ke7 60. Be5 Rc8 61. Kd2 Ke6 62.
Bg3 Rf8 63. Ke3 f2 64. Bxf2 d4+ 65. Ke2 Kd5 66. c7  1-0

[Event "36th Reykjavik op"]
[Site "Reykjavik ISL"]
[Date "2023.03.30"]
[Round "3.83"]
[White "Domalchuk-Jonasson, Aleksandr"]
[Black "Omarsson, Adam"]
[WhiteElo "2318"]
[BlackElo "1890"]
[Result "1-0"]
[EventDate "2023.03.29"]
[PlyCount "77"]

1. d4 Nf6 2. Nf3 g6 3. Nbd2 Bg7 4. e4 d6 5. Bd3 O-O 6. O-O Nc6 7. c3 e5 8. Re1 Re8
9. h3 Nh5 10. Nb3 Nf4 11. Bxf4 exf4 12. Qd2 g5 13. Bb5 a6 14. Bxc6 bxc6 15. e5 h5
16. exd6 Rxe1+ 17. Nxe1 cxd6 18. Qe2 g4 19. hxg4 hxg4 20. Qe4 Rb8 21. Qxf4 a5 22.
Nd3 Rb5 23. Re1 Be6 24. Nd2 Rh5 25. Qg3 Qg5 26. Nf4 Rh8 27. Nf3 Qh6 28. Nh2 Bf5 29.
Re8+ Bf8 30. f3 f6 31. Nxg4 Qh1+ 32. Kf2 Kf7 33. Re1 Qh7 34. d5 c5 35. Ne6 Be7 36.
Ne3 Rg8 37. Qf4 Bd3 38. Ng4 Rb8 39. Ng5+  1-0

[Event "36th Reykjavik op"]
[Site "Reykjavik ISL"]
[Date "2023.03.30"]
[Round "3.84"]
[White "Cornelisse, John"]
[Black "Kreutner, Maximilian"]
[WhiteElo "2203"]
[BlackElo "1860"]
[Result "1-0"]
[EventDate "2023.03.29"]
[PlyCount "63"]

1. Nf3 d5 2. c4 e6 3. g3 Nf6 4. Bg2 Be7 5. O-O O-O 6. b3 c6 7. Bb2 Na6 8. d4 b6 9.
Ne5 Bb7 10. Nd2 Nc7 11. Rc1 Rc8 12. a3 a5 13. Rc2 Nce8 14. Qa1 Nd6 15. Rfc1 Nde4
16. Nf1 c5 17. f3 Nd6 18. dxc5 Nf5 19. c6 Bc5+ 20. Kh1 Ba8 21. cxd5 exd5 22. Bh3
Ne3 23. Rxc5 bxc5 24. Nxe3 Rc7 25. Rxc5 Re8 26. Bd4 Rce7 27. Nf5 Rc7 28. Qc3 Qb8
29. Nxg7 Kxg7 30. Nd7 Rxd7 31. Bxf6+ Kg6 32. cxd7  1-0